00736 2200265 4500001002100000005001700021008004100038020001800079035002400097090002000121100001800141245012200159260003000281300002500311500001100336650001200347700001900359850001500378980001500393985000600408986000900414999001500423999001500438990001700453YOGYA-0209000000249120090227020535.0 ind  a0-7946-0230-4 0010-020900000002491 a641.5bHut GlQ aHUTTON, Wendy aGreen Mangoes and Lemon GrassbSoutheast Asia's Recipes from Bangkok to BalicBy Wendy Hutton; Photo by Masano Kawana aSingaporebPeriplusc2004 a223 hlmbIlusc30 cm aIndeks aMasakan aKawana, Masano aYOPDYOG[B] a08-02-2005 a2 aSofi a04B0002827 a04B0002828 a2828-PD/B.04